Eduardo Rosales (Record no. 180067)

MARC details
000 -LEADER
campo de control de longitud fija 00970nam a2200265 i 4500
001 - NÚMERO DE CONTROL
campo de control 180067
003 - IDENTIFICADOR DE NÚMERO DE CONTROL
campo de control ES-MaACL
005 - FECHA Y HORA DE LA ÚLTIMA TRANSACCIÓN
campo de control 20231222152430.0
008 - DATOS DE LONGITUD FIJA--INFORMACIÓN GENERAL
campo de control de longitud fija 120410s2011 sp acop |||| |bspa d
020 ## - NÚMERO INTERNACIONAL ESTÁNDAR DEL LIBRO
Número Internacional Estándar del Libro 978-84-613-6711-5
080 ## - NÚMERO DE LA CLASIFICACIÓN DECIMAL UNIVERSAL
Número de la Clasificación Decimal Universal 75 Rosales, Eduardo
080 ## - NÚMERO DE LA CLASIFICACIÓN DECIMAL UNIVERSAL
Número de la Clasificación Decimal Universal 929 Rosales, Eduardo
100 1# - ENTRADA PRINCIPAL--NOMBRE DE PERSONA
Nombre de persona Rubio Gil, Luis.
9 (RLIN) 100414
245 10 - MENCIÓN DEL TÍTULO
Título Eduardo Rosales
Resto del título : primeros años, viaje iniciático, en Roma (1836-1863) /
Mención de responsabilidad, etc. Luis Rubio Gil.
260 ## - PUBLICACIÓN, DISTRIBUCIÓN, ETC.
Lugar de publicación, distribución, etc. [Madrid] :
Nombre del editor, distribuidor, etc. Molina,
Fecha de publicación, distribución, etc. [2011] (
Fabricante Dedinfort)
300 ## - DESCRIPCIÓN FÍSICA
Extensión 179 p. :
Otras características físicas il. col. y n., fot. ;
Dimensiones 27 cm.
504 ## - NOTA DE BIBLIOGRAFÍA, ETC.
Nota de bibliografía, etc. Bibliografía: p. 155-178.
600 14 - PUNTO DE ACCESO ADICIONAL DE MATERIA--NOMBRE DE PERSONA
Nombre de persona Rosales, Eduardo,
Fechas asociadas al nombre 1836-1873
9 (RLIN) 99638
700 1# - ENTRADA AGREGADA--NOMBRE PERSONAL
Nombre de persona Rosales, Eduardo,
Fechas asociadas al nombre 1836-1873
9 (RLIN) 99638
852 ## - LOCALIZACIÓN
Ubicación ES-MaACL
Número de control de estantería A-12042
itemnumber 186976
Sublocalización o colección R.148295
Ubicación en estantería Depósito 1
Signatura antigua Olim: N-5047
Encuadernación Donación: del autor Luis Rubio Gil
903 ## - NOMBRE PERSONAL DE DONANTE
9 100414
a Rubio Gil, Luis
e Donante
942 ## - ELEMENTOS DE ENTRADA SECUNDARIOS (KOHA)
Fuente del sistema de clasificación o colocación Clasificación decimal universal
Tipo de ítem Koha Libro impreso
Holdings
Estatus retirado Estado de pérdida Fuente del sistema de clasificación o colocación Estado de daño No para préstamo Biblioteca de origen Biblioteca actual Ubicación en estantería Fecha de adquisición Fuente de adquisición Total de préstamos Signatura topográfica completa Código de barras Visto por última vez Precio de reemplazo Tipo de ítem Koha
    Clasificación decimal universal     Biblioteca del Ateneo de Madrid Biblioteca del Ateneo de Madrid Depósito 1 10/04/2012 Donación   A-12042 1189193 23/02/2023 23/02/2023 Libro impreso